[Event "DEM U14 2022"]
[Site "Willingen GER"]
[Date "2022.06.08"]
[Round "6"]
[White "Linnemann, Caspar"]
[Black "Müller, Maximilian"]
[Result "0-1"]
[Termination "normal"]
[Board "17"]
[WhiteElo "1720"]
[BlackElo "1875"]
[WhiteClock "00:36:19"]
[BlackClock "00:31:22"]
[PlyCount "122"]
[WhiteFideId "16200284"]
[BlackFideId "16243552"]
[EventCountry "GER"]
[EventRounds "9"]
[EventType "swiss"]
[EventDate "2022.06.04"]

1. e4 {[%clk 1:30:56]} e6 {[%clk 1:30:57]} 2. d4 {[%clk 1:31:18]} d5 {[%clk
1:31:23]} 3. Nd2 {[%clk 1:31:31]} Nf6 {[%clk 1:31:47]} 4. e5 {[%clk 1:31:51]}
Nfd7 {[%clk 1:32:12]} 5. c3 {[%clk 1:32:02]} c5 {[%clk 1:32:37]} 6. Bd3 {[%clk
1:32:16]} Nc6 {[%clk 1:33:03]} 7. Ne2 {[%clk 1:32:25]} cxd4 {[%clk 1:33:27]} 8.
cxd4 {[%clk 1:29:29]} f6 {[%clk 1:33:41]} 9. exf6 {[%clk 1:29:43]} Nxf6 {[%clk
1:34:05]} 10. Nf3 {[%clk 1:29:40]} Bd6 {[%clk 1:34:31]} 11. O-O {[%clk
1:29:50]} Qc7 {[%clk 1:34:56]} 12. g3 {[%clk 1:30:12]} O-O {[%clk 1:35:10]} 13.
Bf4 {[%clk 1:30:10]} Bd7 {[%clk 1:27:48]} 14. Rc1 {[%clk 1:23:45]} Be8 {[%clk
0:52:48]} 15. Bxd6 {[%clk 1:07:53]} Qxd6 {[%clk 0:53:05]} 16. Nf4 {[%clk
1:07:53]} Ne4 {[%clk 0:45:01]} 17. Ng2 {[%clk 0:55:59]} Bh5 {[%clk 0:34:30]}
18. Be2 {[%clk 0:52:58]} Bxf3 {[%clk 0:34:03]} 19. Bxf3 {[%clk 0:52:35]} Nxd4
{[%clk 0:34:24]} 20. Bxe4 {[%clk 0:48:11]} dxe4 {[%clk 0:33:59]} 21. Ne1 {[%clk
0:47:37]} e5 {[%clk 0:32:22]} 22. Qg4 {[%clk 0:42:16]} Qd5 {[%clk 0:17:36]} 23.
b3 {[%clk 0:34:14]} e3 {[%clk 0:13:55]} 24. Rc7 {[%clk 0:32:59]} Ne6 {[%clk
0:12:30]} 25. Rc2 {[%clk 0:27:55]} Nd4 {[%clk 0:10:41]} 26. Rc7 {[%clk
0:28:08]} g6 {[%clk 0:10:20]} 27. f3 {[%clk 0:26:54]} Rf5 {[%clk 0:06:22]} 28.
Qh4 {[%clk 0:24:02]} Rf7 {[%clk 0:03:27]} 29. Rxf7 {[%clk 0:18:42]} Qxf7 {[%clk
0:03:55]} 30. Qe4 {[%clk 0:18:38]} e2 {[%clk 0:04:22]} 31. Rf2 {[%clk 0:18:47]}
Rc8 {[%clk 0:03:35]} 32. Qxe5 {[%clk 0:16:46]} Rc1 {[%clk 0:03:47]} 33. Qxd4
{[%clk 0:08:44]} Rxe1+ {[%clk 0:04:06]} 34. Kg2 {[%clk 0:09:02]} Rg1+ {[%clk
0:04:30]} 35. Kxg1 {[%clk 0:09:16]} e1=Q+ {[%clk 0:04:54]} 36. Kg2 {[%clk
0:09:32]} b6 {[%clk 0:03:35]} 37. Qd8+ {[%clk 0:09:18]} Qee8 {[%clk 0:03:53]}
38. Qd4 {[%clk 0:09:26]} Qfe7 {[%clk 0:03:52]} 39. Qd5+ {[%clk 0:09:22]} Qe6
{[%clk 0:04:15]} 40. Qd4 {[%clk 0:09:44]} Q8c8 {[%clk 0:04:31]} 41. Qh4 {[%clk
0:09:47]} Kg7 {[%clk 0:02:45]} 42. Qd4+ {[%clk 0:09:44]} Qf6 {[%clk 0:03:07]}
43. Qe4 {[%clk 0:09:12]} Qcc6 {[%clk 0:03:19]} 44. Qb4 {[%clk 0:07:45]} a5
{[%clk 0:03:10]} 45. Qd2 {[%clk 0:07:24]} g5 {[%clk 0:02:59]} 46. g4 {[%clk
0:06:03]} Qcd6 {[%clk 0:03:02]} 47. Qc2 {[%clk 0:05:43]} Qff4 {[%clk 0:03:06]}
48. Kg1 {[%clk 0:05:57]} Qc5 {[%clk 0:00:46]} 49. Qb2+ {[%clk 0:05:28]} Qfd4
{[%clk 0:01:10]} 50. Qe2 {[%clk 0:05:36]} Qe3 {[%clk 0:28:53]} 51. Qb2+ {[%clk
0:35:25]} Qcc3 {[%clk 0:29:19]} 52. Qb1 {[%clk 0:35:13]} Qce1+ {[%clk 0:29:40]}
53. Qxe1 {[%clk 0:35:31]} Qxe1+ {[%clk 0:30:05]} 54. Kg2 {[%clk 0:35:54]} Qe3
{[%clk 0:30:29]} 55. Kf1 {[%clk 0:35:39]} b5 {[%clk 0:30:38]} 56. Kg2 {[%clk
0:35:39]} Kf6 {[%clk 0:30:29]} 57. Kf1 {[%clk 0:35:49]} Qc1+ {[%clk 0:30:54]}
58. Kg2 {[%clk 0:36:10]} Qd1 {[%clk 0:30:50]} 59. Rb2 {[%clk 0:36:02]} Ke5
{[%clk 0:31:04]} 60. Rf2 {[%clk 0:36:15]} Kd4 {[%clk 0:31:22]} 61. h3 {[%clk
0:36:19]} Ke5 0-1

[Event "DEM U14 2022"]
[Site "Willingen GER"]
[Date "2022.06.09"]
[Round "7"]
[White "Deuer, Marius"]
[Black "Ermitsch, Magnus"]
[Result "1-0"]
[Termination "normal"]
[Board "1"]
[WhiteTitle "FM"]
[WhiteElo "2351"]
[BlackElo "2227"]
[WhiteClock "00:33:46"]
[BlackClock "00:16:53"]
[PlyCount "57"]
[WhiteFideId "16236432"]
[BlackFideId "16234464"]
[EventCountry "GER"]
[EventRounds "9"]
[EventType "swiss"]
[EventDate "2022.06.04"]

1. d4 {[%clk 1:30:58]} Nf6 {[%clk 1:30:56]} 2. c4 {[%clk 1:31:24]} e6 {[%clk
1:31:23]} 3. Nf3 {[%clk 1:31:50]} d5 {[%clk 1:31:41]} 4. Nc3 {[%clk 1:32:07]}
c5 {[%clk 1:32:07]} 5. cxd5 {[%clk 1:32:24]} Nxd5 {[%clk 1:32:31]} 6. e4 {[%clk
1:32:49]} Nxc3 {[%clk 1:32:57]} 7. bxc3 {[%clk 1:33:15]} cxd4 {[%clk 1:33:22]}
8. cxd4 {[%clk 1:33:40]} Bb4+ {[%clk 1:33:48]} 9. Bd2 {[%clk 1:34:05]} Bxd2+
{[%clk 1:34:16]} 10. Qxd2 {[%clk 1:34:31]} O-O {[%clk 1:34:40]} 11. Rc1 {[%clk
1:34:37]} b6 {[%clk 1:33:31]} 12. Bd3 {[%clk 1:35:02]} Bb7 {[%clk 1:33:11]} 13.
O-O {[%clk 1:35:24]} Nc6 {[%clk 1:30:40]} 14. d5 {[%clk 1:34:58]} exd5 {[%clk
1:28:04]} 15. exd5 {[%clk 1:35:21]} Ne7 {[%clk 1:27:06]} 16. d6 {[%clk
1:35:42]} Nd5 {[%clk 1:24:12]} 17. Ng5 {[%clk 1:34:07]} h6 {[%clk 0:51:51]} 18.
Ne4 {[%clk 1:34:35]} Qh4 {[%clk 0:49:33]} 19. Rc4 {[%clk 1:27:26]} b5 {[%clk
0:44:39]} 20. Rd4 {[%clk 1:03:30]} f5 {[%clk 0:25:07]} 21. Bxb5 {[%clk
0:53:38]} fxe4 {[%clk 0:20:01]} 22. Bc4 {[%clk 0:53:00]} Rae8 {[%clk 0:19:41]}
23. d7 {[%clk 0:47:02]} Re5 {[%clk 0:18:25]} 24. Bxd5+ {[%clk 0:46:14]} Bxd5
{[%clk 0:18:28]} 25. Rxd5 {[%clk 0:45:39]} e3 {[%clk 0:18:01]} 26. fxe3 {[%clk
0:33:06]} Rxf1+ {[%clk 0:17:37]} 27. Kxf1 {[%clk 0:33:35]} Qc4+ {[%clk
0:17:31]} 28. Qd3 {[%clk 0:33:59]} Rf5+ {[%clk 0:16:53]} 29. Kg1 {[%clk
0:33:46]} 1-0

[Event "DEM U14 2022"]
[Site "Willingen GER"]
[Date "2022.06.09"]
[Round "7"]
[White "Payyappat, Sreyas"]
[Black "Honisch, Alexander"]
[Result "1-0"]
[Termination "normal"]
[Board "2"]
[WhiteTitle "FM"]
[WhiteElo "2173"]
[BlackElo "1878"]
[WhiteClock "00:09:53"]
[BlackClock "00:01:34"]
[PlyCount "83"]
[WhiteFideId "46674969"]
[BlackFideId "16298594"]
[EventCountry "GER"]
[EventRounds "9"]
[EventType "swiss"]
[EventDate "2022.06.04"]

1. e4 {[%clk 1:30:59]} e5 {[%clk 1:30:51]} 2. Nf3 {[%clk 1:31:24]} Nc6 {[%clk
1:31:13]} 3. Bc4 {[%clk 1:31:49]} Bc5 {[%clk 1:31:20]} 4. c3 {[%clk 1:32:09]}
Nf6 {[%clk 1:31:41]} 5. d4 {[%clk 1:32:32]} exd4 {[%clk 1:31:57]} 6. e5 {[%clk
1:32:55]} d5 {[%clk 1:31:34]} 7. Bb5 {[%clk 1:33:18]} Ne4 {[%clk 1:31:39]} 8.
cxd4 {[%clk 1:33:41]} Bb6 {[%clk 1:31:34]} 9. Nc3 {[%clk 1:33:56]} O-O {[%clk
1:25:49]} 10. Be3 {[%clk 1:33:33]} Bg4 {[%clk 1:16:20]} 11. h3 {[%clk 1:33:40]}
Bxf3 {[%clk 1:12:03]} 12. gxf3 {[%clk 1:31:31]} Nxc3 {[%clk 1:11:18]} 13. bxc3
{[%clk 1:31:41]} Qe7 {[%clk 0:52:27]} 14. f4 {[%clk 1:15:21]} f5 {[%clk
0:41:46]} 15. a4 {[%clk 0:51:59]} Na5 {[%clk 0:22:12]} 16. O-O {[%clk 0:44:21]}
c6 {[%clk 0:20:18]} 17. Be2 {[%clk 0:42:45]} Qe6 {[%clk 0:19:02]} 18. Kh2
{[%clk 0:41:20]} Nc4 {[%clk 0:16:59]} 19. Qb3 {[%clk 0:33:38]} Rab8 {[%clk
0:15:17]} 20. Rg1 {[%clk 0:30:47]} Kh8 {[%clk 0:09:03]} 21. Rg3 {[%clk
0:29:49]} Rf7 {[%clk 0:07:51]} 22. Bxc4 {[%clk 0:28:10]} dxc4 {[%clk 0:08:16]}
23. Qb4 {[%clk 0:28:28]} Bd8 {[%clk 0:07:32]} 24. a5 {[%clk 0:25:57]} Be7
{[%clk 0:05:59]} 25. Qb2 {[%clk 0:24:39]} Bf8 {[%clk 0:05:06]} 26. Ra4 {[%clk
0:23:15]} b5 {[%clk 0:04:07]} 27. axb6 {[%clk 0:20:19]} axb6 {[%clk 0:04:28]}
28. Rg1 {[%clk 0:18:18]} b5 {[%clk 0:03:42]} 29. Rga1 {[%clk 0:18:08]} Rfb7
{[%clk 0:00:40]} 30. Ra8 {[%clk 0:15:18]} Qd7 {[%clk 0:00:34]} 31. R1a6 {[%clk
0:13:51]} h6 {[%clk 0:00:34]} 32. Qa2 {[%clk 0:13:18]} Be7 {[%clk 0:00:32]} 33.
R6a7 {[%clk 0:11:01]} Rxa8 {[%clk 0:00:40]} 34. Rxa8+ {[%clk 0:11:15]} Kh7
{[%clk 0:01:05]} 35. Qa6 {[%clk 0:09:15]} Qc7 {[%clk 0:00:34]} 36. d5 {[%clk
0:08:53]} cxd5 {[%clk 0:00:37]} 37. Qe6 {[%clk 0:09:05]} Bd8 {[%clk 0:00:31]}
38. Qxf5+ {[%clk 0:09:20]} g6 {[%clk 0:00:47]} 39. Qf8 {[%clk 0:09:31]} Rb8
{[%clk 0:00:45]} 40. Rxb8 {[%clk 0:09:52]} Qxb8 {[%clk 0:01:09]} 41. Qf7+
{[%clk 0:09:52]} Kh8 {[%clk 0:01:34]} 42. e6 {[%clk 0:09:53]} 1-0

[Event "DEM U14 2022"]
[Site "Willingen GER"]
[Date "2022.06.09"]
[Round "7"]
[White "Besou, Hussain"]
[Black "Hoppstädter, Daniel"]
[Result "1-0"]
[Termination "normal"]
[Board "3"]
[WhiteElo "2094"]
[BlackElo "1987"]
[WhiteClock "00:20:26"]
[BlackClock "00:15:42"]
[PlyCount "45"]
[WhiteFideId "16269950"]
[BlackFideId "16243625"]
[EventCountry "GER"]
[EventRounds "9"]
[EventType "swiss"]
[EventDate "2022.06.04"]

1. e4 {[%clk 1:30:58]} c6 {[%clk 1:30:50]} 2. d4 {[%clk 1:31:23]} d5 {[%clk
1:31:18]} 3. e5 {[%clk 1:31:47]} Bf5 {[%clk 1:31:44]} 4. Nf3 {[%clk 1:32:12]}
e6 {[%clk 1:32:10]} 5. Be2 {[%clk 1:32:37]} Nd7 {[%clk 1:32:32]} 6. O-O {[%clk
1:33:00]} h6 {[%clk 1:33:00]} 7. Nbd2 {[%clk 1:32:28]} Ne7 {[%clk 1:33:08]} 8.
Nb3 {[%clk 1:32:50]} g5 {[%clk 1:33:21]} 9. a4 {[%clk 1:31:53]} Ng6 {[%clk
1:25:47]} 10. a5 {[%clk 1:29:04]} g4 {[%clk 1:24:15]} 11. Ne1 {[%clk 1:29:27]}
h5 {[%clk 1:24:37]} 12. Nd3 {[%clk 1:15:09]} Be7 {[%clk 1:20:14]} 13. f3 {[%clk
1:05:25]} c5 {[%clk 1:07:58]} 14. Ndxc5 {[%clk 0:44:08]} Nxc5 {[%clk 0:54:01]}
15. Nxc5 {[%clk 0:44:23]} Bxc5 {[%clk 0:51:57]} 16. dxc5 {[%clk 0:40:23]} Nxe5
{[%clk 0:45:39]} 17. Bf4 {[%clk 0:34:45]} Qf6 {[%clk 0:41:52]} 18. fxg4 {[%clk
0:24:16]} hxg4 {[%clk 0:41:53]} 19. c3 {[%clk 0:22:25]} Nc6 {[%clk 0:24:16]}
20. a6 {[%clk 0:21:23]} O-O {[%clk 0:15:54]} 21. axb7 {[%clk 0:21:41]} Rad8
{[%clk 0:16:15]} 22. Bd6 {[%clk 0:21:38]} Rfe8 {[%clk 0:15:42]} 23. Bb5 {[%clk
0:20:26]} 1-0

[Event "DEM U14 2022"]
[Site "Willingen GER"]
[Date "2022.06.09"]
[Round "7"]
[White "Haubold, Christian Lucas"]
[Black "Möller, Maurin"]
[Result "0-1"]
[Termination "normal"]
[Board "4"]
[WhiteElo "1944"]
[BlackElo "1780"]
[WhiteClock "00:05:03"]
[BlackClock "00:13:05"]
[PlyCount "82"]
[WhiteFideId "16259629"]
[BlackFideId "16265696"]
[EventCountry "GER"]
[EventRounds "9"]
[EventType "swiss"]
[EventDate "2022.06.04"]

1. e4 {[%clk 1:30:57]} e5 {[%clk 1:30:54]} 2. Nf3 {[%clk 1:31:18]} d5 {[%clk
1:31:20]} 3. d4 {[%clk 1:12:48]} dxe4 {[%clk 1:16:37]} 4. Nxe5 {[%clk 1:13:01]}
Bd6 {[%clk 1:16:21]} 5. Bf4 {[%clk 1:01:06]} Qf6 {[%clk 1:13:13]} 6. Qd2 {[%clk
0:49:28]} Nd7 {[%clk 1:08:37]} 7. Nxd7 {[%clk 0:35:28]} Qxf4 {[%clk 1:08:27]}
8. Qxf4 {[%clk 0:35:11]} Bxf4 {[%clk 1:08:55]} 9. Nc5 {[%clk 0:35:27]} f5
{[%clk 1:08:56]} 10. Nc3 {[%clk 0:32:42]} c6 {[%clk 1:04:16]} 11. Bc4 {[%clk
0:31:48]} Ke7 {[%clk 1:03:57]} 12. g3 {[%clk 0:28:37]} Bd6 {[%clk 1:02:52]} 13.
a4 b6 {[%clk 1:00:30]} 14. Nb3 {[%clk 0:24:54]} Nf6 {[%clk 1:00:08]} 15. O-O-O
{[%clk 0:20:15]} a6 {[%clk 0:50:02]} 16. Nd2 {[%clk 0:14:13]} b5 {[%clk
0:36:49]} 17. Bb3 {[%clk 0:14:25]} Re8 {[%clk 0:22:56]} 18. d5 {[%clk 0:13:27]}
b4 {[%clk 0:22:25]} 19. Ne2 {[%clk 0:13:26]} cxd5 {[%clk 0:22:25]} 20. Nd4
{[%clk 0:12:20]} Bd7 {[%clk 0:21:24]} 21. Nf1 {[%clk 0:12:02]} f4 {[%clk
0:20:37]} 22. h3 {[%clk 0:09:41]} Rac8 {[%clk 0:18:49]} 23. Ne2 {[%clk
0:09:16]} fxg3 {[%clk 0:17:06]} 24. fxg3 {[%clk 0:09:19]} Rc5 {[%clk 0:17:02]}
25. Ne3 {[%clk 0:09:08]} Be6 {[%clk 0:15:25]} 26. Nd4 {[%clk 0:08:48]} Rd8
{[%clk 0:13:10]} 27. Kb1 {[%clk 0:07:05]} g6 {[%clk 0:12:53]} 28. g4 {[%clk
0:06:55]} Bf4 {[%clk 0:12:39]} 29. Ng2 {[%clk 0:06:42]} Be5 {[%clk 0:11:58]}
30. Ne3 {[%clk 0:07:00]} a5 {[%clk 0:11:05]} 31. Nxe6 {[%clk 0:06:56]} Kxe6
{[%clk 0:11:34]} 32. g5 {[%clk 0:07:17]} Nh5 {[%clk 0:11:42]} 33. Nxd5 {[%clk
0:05:12]} Rdxd5 {[%clk 0:11:58]} 34. Rxd5 {[%clk 0:05:07]} Rxd5 {[%clk
0:12:27]} 35. Bxd5+ {[%clk 0:05:08]} Kxd5 {[%clk 0:12:56]} 36. Rd1+ {[%clk
0:05:29]} Ke6 {[%clk 0:12:50]} 37. Rd8 {[%clk 0:05:02]} e3 {[%clk 0:12:44]} 38.
Kc1 {[%clk 0:05:09]} Nf4 {[%clk 0:12:10]} 39. Kd1 {[%clk 0:04:20]} e2+ {[%clk
0:12:20]} 40. Ke1 {[%clk 0:04:42]} Bxb2 {[%clk 0:12:46]} 41. Re8+ {[%clk
0:05:03]} Kf5 {[%clk 0:13:05]} 0-1

[Event "DEM U14 2022"]
[Site "Willingen GER"]
[Date "2022.06.09"]
[Round "7"]
[White "Kocharin, Timur"]
[Black "Klaska, Philipp Leon"]
[Result "1/2-1/2"]
[Termination "normal"]
[Board "5"]
[WhiteElo "1888"]
[BlackElo "1946"]
[WhiteClock "00:13:14"]
[BlackClock "00:07:50"]
[PlyCount "83"]
[WhiteFideId "16240936"]
[BlackFideId "16238044"]
[EventCountry "GER"]
[EventRounds "9"]
[EventType "swiss"]
[EventDate "2022.06.04"]

1. d4 {[%clk 1:30:52]} Nf6 {[%clk 1:30:49]} 2. Nf3 {[%clk 1:31:16]} e6 {[%clk
1:28:51]} 3. c4 {[%clk 1:31:27]} c5 {[%clk 1:29:13]} 4. d5 {[%clk 1:31:16]}
exd5 {[%clk 1:29:11]} 5. cxd5 {[%clk 1:31:44]} d6 {[%clk 1:29:25]} 6. Nc3
{[%clk 1:31:11]} g6 {[%clk 1:29:06]} 7. e4 {[%clk 1:27:30]} Bg7 {[%clk
1:29:16]} 8. Be3 {[%clk 1:27:32]} O-O {[%clk 1:28:50]} 9. h3 {[%clk 1:27:52]}
Re8 {[%clk 1:28:21]} 10. Nd2 {[%clk 1:28:17]} Nxe4 {[%clk 1:20:58]} 11. Ncxe4
{[%clk 1:19:06]} f5 {[%clk 1:17:21]} 12. Bb5 {[%clk 1:16:55]} Rf8 {[%clk
1:13:57]} 13. Bg5 {[%clk 0:59:48]} Qb6 {[%clk 1:09:37]} 14. Nxd6 {[%clk
0:59:04]} Qxd6 {[%clk 1:05:56]} 15. Nc4 {[%clk 0:58:43]} Qc7 {[%clk 1:03:55]}
16. d6 {[%clk 0:56:46]} Qf7 {[%clk 1:03:31]} 17. Be7 {[%clk 0:53:48]} Bd7
{[%clk 0:56:01]} 18. Bxd7 {[%clk 0:41:38]} Nxd7 {[%clk 0:43:16]} 19. Qb3 {[%clk
0:39:01]} b5 {[%clk 0:32:45]} 20. Nd2 {[%clk 0:33:37]} Qxb3 {[%clk 0:31:33]}
21. axb3 {[%clk 0:32:00]} Rfe8 {[%clk 0:30:22]} 22. O-O-O {[%clk 0:30:49]} Bf8
{[%clk 0:17:53]} 23. Rhe1 {[%clk 0:24:54]} Kf7 {[%clk 0:12:21]} 24. Nf3 {[%clk
0:22:53]} Bxe7 {[%clk 0:10:52]} 25. dxe7 {[%clk 0:23:18]} Rxe7 {[%clk 0:11:02]}
26. Ng5+ {[%clk 0:23:17]} Kf8 {[%clk 0:10:54]} 27. Rxe7 {[%clk 0:21:07]} Kxe7
{[%clk 0:11:19]} 28. Nxh7 {[%clk 0:21:30]} Rc8 {[%clk 0:09:05]} 29. Ng5 {[%clk
0:19:57]} c4 {[%clk 0:08:59]} 30. bxc4 {[%clk 0:18:27]} Rxc4+ {[%clk 0:09:05]}
31. Kb1 {[%clk 0:17:27]} Nc5 {[%clk 0:08:16]} 32. Re1+ {[%clk 0:16:04]} Kf6
{[%clk 0:07:53]} 33. Nh7+ {[%clk 0:16:11]} Kf7 {[%clk 0:07:43]} 34. Ng5+ {[%clk
0:16:11]} Kf6 {[%clk 0:07:35]} 35. Nh7+ {[%clk 0:13:05]} Kf7 {[%clk 0:07:48]}
36. Ng5+ {[%clk 0:13:12]} Kf6 {[%clk 0:07:50]} 37. Nh7+ {[%clk 0:13:14]} Kf7
38. Ng5+ Kg8 39. Re7 Nd3 40. Ne6 Re4 41. Rg7+ Kh8 42. Rxg6 1/2-1/2

[Event "DEM U14 2022"]
[Site "Willingen GER"]
[Date "2022.06.09"]
[Round "7"]
[White "Hagner, Bennet"]
[Black "Krüger, Arthur"]
[Result "1/2-1/2"]
[Termination "normal"]
[Board "6"]
[WhiteElo "2186"]
[BlackElo "1988"]
[WhiteClock "00:09:04"]
[BlackClock "00:06:18"]
[PlyCount "60"]
[WhiteFideId "16224477"]
[BlackFideId "16244966"]
[EventCountry "GER"]
[EventRounds "9"]
[EventType "swiss"]
[EventDate "2022.06.04"]

1. e4 {[%clk 1:30:59]} e6 {[%clk 1:30:54]} 2. d4 {[%clk 1:31:25]} d5 {[%clk
1:31:21]} 3. Nc3 {[%clk 1:31:50]} Nf6 {[%clk 1:31:47]} 4. Bg5 {[%clk 1:32:12]}
Bb4 {[%clk 1:32:05]} 5. e5 {[%clk 1:32:32]} h6 {[%clk 1:32:27]} 6. Bd2 {[%clk
1:32:52]} Bxc3 {[%clk 1:32:43]} 7. bxc3 {[%clk 1:33:16]} Ne4 {[%clk 1:33:03]}
8. Bc1 {[%clk 1:33:35]} Nxc3 {[%clk 1:32:25]} 9. Qg4 {[%clk 1:33:55]} g6 {[%clk
1:32:12]} 10. Ne2 {[%clk 1:34:05]} Nxe2 {[%clk 1:23:42]} 11. Bxe2 {[%clk
1:34:26]} c5 {[%clk 1:22:32]} 12. O-O {[%clk 1:34:40]} Qa5 {[%clk 1:18:32]} 13.
dxc5 {[%clk 1:06:54]} Nc6 {[%clk 1:01:23]} 14. Qh3 {[%clk 1:06:56]} Qxc5 {[%clk
0:50:31]} 15. Ba3 {[%clk 1:07:14]} Qa5 {[%clk 0:47:48]} 16. Bd6 {[%clk
1:02:12]} Ne7 {[%clk 0:40:45]} 17. Rab1 {[%clk 0:54:30]} Qd8 {[%clk 0:37:31]}
18. Bd3 {[%clk 0:45:54]} b6 {[%clk 0:30:21]} 19. Ba3 {[%clk 0:41:29]} Bd7
{[%clk 0:28:46]} 20. c4 {[%clk 0:31:12]} Rc8 {[%clk 0:24:56]} 21. Rbc1 {[%clk
0:28:46]} dxc4 {[%clk 0:22:01]} 22. Bxc4 {[%clk 0:28:46]} Rxc4 {[%clk 0:20:12]}
23. Rxc4 {[%clk 0:29:03]} Bb5 {[%clk 0:20:32]} 24. Bxe7 {[%clk 0:24:05]} Kxe7
{[%clk 0:20:46]} 25. Qa3+ {[%clk 0:20:02]} Ke8 {[%clk 0:20:56]} 26. Rcc1 {[%clk
0:19:49]} Bxf1 {[%clk 0:21:12]} 27. Kxf1 {[%clk 0:19:34]} Qd5 {[%clk 0:08:56]}
28. Re1 {[%clk 0:08:55]} Qb5+ {[%clk 0:07:02]} 29. Kg1 {[%clk 0:09:04]} Qa5
{[%clk 0:06:12]} 30. Qxa5 bxa5 {[%clk 0:06:18]} 1/2-1/2

[Event "DEM U14 2022"]
[Site "Willingen GER"]
[Date "2022.06.09"]
[Round "7"]
[White "Kempe, Caius Emilian"]
[Black "Lübke, Florentin"]
[Result "1/2-1/2"]
[Termination "normal"]
[Board "7"]
[WhiteElo "1973"]
[BlackElo "1731"]
[WhiteClock "00:18:11"]
[BlackClock "00:32:40"]
[PlyCount "115"]
[WhiteFideId "16246861"]
[BlackFideId "16281799"]
[EventCountry "GER"]
[EventRounds "9"]
[EventType "swiss"]
[EventDate "2022.06.04"]

1. d4 {[%clk 1:30:57]} d5 {[%clk 1:30:54]} 2. c4 {[%clk 1:31:04]} dxc4 {[%clk
1:31:18]} 3. Nc3 {[%clk 1:30:52]} e5 {[%clk 1:26:40]} 4. d5 {[%clk 1:26:48]}
Nd7 {[%clk 1:22:54]} 5. Nf3 {[%clk 1:25:37]} Ngf6 {[%clk 1:20:54]} 6. e4 {[%clk
1:15:28]} Bb4 {[%clk 1:17:41]} 7. Qc2 {[%clk 1:13:17]} Nc5 {[%clk 1:10:32]} 8.
Bg5 {[%clk 1:10:07]} Bxc3+ {[%clk 1:08:07]} 9. Qxc3 {[%clk 1:03:41]} O-O {[%clk
1:07:00]} 10. Bxf6 {[%clk 0:55:19]} Qxf6 {[%clk 1:06:17]} 11. Qxc4 {[%clk
0:55:42]} b6 {[%clk 0:54:35]} 12. Qc2 {[%clk 0:46:59]} a5 {[%clk 0:53:29]} 13.
Nd2 {[%clk 0:46:47]} Rd8 {[%clk 0:51:02]} 14. Be2 {[%clk 0:45:43]} Bb7 {[%clk
0:48:24]} 15. O-O {[%clk 0:44:15]} c6 {[%clk 0:46:25]} 16. dxc6 {[%clk
0:38:41]} Qxc6 {[%clk 0:46:13]} 17. Rac1 {[%clk 0:27:44]} Rac8 {[%clk 0:37:19]}
18. Bg4 {[%clk 0:27:26]} Ne6 {[%clk 0:32:20]} 19. Qxc6 {[%clk 0:27:12]} Rxc6
{[%clk 0:31:36]} 20. Nf3 {[%clk 0:26:30]} Rxc1 {[%clk 0:28:58]} 21. Rxc1 {[%clk
0:26:51]} Bxe4 {[%clk 0:28:18]} 22. Nxe5 {[%clk 0:27:04]} Nf4 {[%clk 0:26:38]}
23. g3 {[%clk 0:25:30]} Ng6 {[%clk 0:21:36]} 24. Nc4 {[%clk 0:13:50]} f5 {[%clk
0:17:43]} 25. Be2 {[%clk 0:14:11]} Rc8 {[%clk 0:16:28]} 26. Rd1 {[%clk
0:14:18]} b5 {[%clk 0:08:35]} 27. Nd6 {[%clk 0:09:51]} Rc2 {[%clk 0:08:37]} 28.
Bxb5 {[%clk 0:09:53]} Ne5 {[%clk 0:07:27]} 29. Nxe4 {[%clk 0:09:24]} fxe4
{[%clk 0:07:44]} 30. h3 {[%clk 0:04:37]} Rxb2 {[%clk 0:07:18]} 31. Rd5 {[%clk
0:03:39]} Nf3+ {[%clk 0:07:23]} 32. Kg2 {[%clk 0:04:06]} Ne1+ {[%clk 0:07:01]}
33. Kf1 {[%clk 0:04:27]} Nf3 {[%clk 0:06:10]} 34. Be2 {[%clk 0:02:03]} Nd2+
{[%clk 0:06:09]} 35. Ke1 {[%clk 0:02:01]} Nf3+ {[%clk 0:04:36]} 36. Bxf3 {[%clk
0:01:36]} exf3 {[%clk 0:05:01]} 37. Rxa5 {[%clk 0:01:59]} Re2+ {[%clk 0:05:26]}
38. Kf1 {[%clk 0:01:06]} Rb2 {[%clk 0:05:44]} 39. Ke1 {[%clk 0:00:49]} Re2+
{[%clk 0:06:09]} 40. Kd1 {[%clk 0:00:36]} Rxf2 {[%clk 0:06:22]} 41. Ke1 {[%clk
0:26:03]} Rg2 {[%clk 0:36:09]} 42. g4 {[%clk 0:25:07]} Rh2 {[%clk 0:34:48]} 43.
a3 {[%clk 0:24:44]} g6 {[%clk 0:33:07]} 44. Ra4 {[%clk 0:24:56]} Rxh3 {[%clk
0:33:12]} 45. Kf2 {[%clk 0:25:15]} Kg7 {[%clk 0:32:21]} 46. Rf4 {[%clk
0:25:36]} Rh2+ {[%clk 0:32:45]} 47. Kg3 {[%clk 0:25:46]} Ra2 {[%clk 0:32:50]}
48. Rxf3 {[%clk 0:26:08]} g5 {[%clk 0:32:20]} 49. Rb3 {[%clk 0:26:07]} h5
{[%clk 0:31:54]} 50. gxh5 {[%clk 0:26:06]} Kh6 {[%clk 0:32:17]} 51. Kg4 {[%clk
0:26:08]} Rg2+ {[%clk 0:32:40]} 52. Rg3 {[%clk 0:26:16]} Rc2 {[%clk 0:32:43]}
53. Rb3 {[%clk 0:18:00]} Rc4+ {[%clk 0:32:31]} 54. Kh3 {[%clk 0:17:58]} Kxh5
{[%clk 0:32:47]} 55. Kh2 {[%clk 0:18:03]} Kg4 {[%clk 0:32:08]} 56. Rb4 {[%clk
0:17:42]} Rxb4 {[%clk 0:32:31]} 57. axb4 {[%clk 0:18:11]} Kf5 {[%clk 0:32:40]}
58. b5 1/2-1/2